000 00438nam a2200181Ia 4500
001 1478
005 20260306143731.0
008 260306t1980||||xx |||||||||||||| ||spa||
041 _aESP
082 _a150.195
_bB24
100 _aBaranger, W.
_eAUT
245 0 _aAportaciones al Concepto de Objeto en Psicoanálisis
260 _c1980
300 _a321 páginas :
_ccm.
650 _aGEN
654 _aCPS
942 _cLIB
_dJUS
_fJUS
_2ddc
_n
999 _c1478
_d1478